Conversations of Miguel and Maria. How children learn english as a second language: implications for classroom teaching
Guardat en:
| Autor principal: | |
|---|---|
| Format: | Llibre |
| Idioma: | anglès |
| Publicat: |
Reading
Addison-Wesley Publishing Company
1982
|
| Matèries: | |
| Etiquetes: |
Afegir etiqueta
Sense etiquetes, Sigues el primer a etiquetar aquest registre!
|
MARC
| LEADER | 00000nam a2200000 a 4500 | ||
|---|---|---|---|
| 001 | UCQ7932 | ||
| 003 | CL-VaPUC | ||
| 008 | 981121e19820000US |||||||||||||||||eng|d | ||
| 082 | 0 | 4 | |a 428.2407 |b VEN |2 21 |
| 100 | 0 | |a Ventriglia, Linda |e author |9 421747 | |
| 245 | 1 | 0 | |a Conversations of Miguel and Maria. How children learn english as a second language: implications for classroom teaching |
| 300 | |a 182 p | ||
| 942 | |c BK | ||
| 945 | |d 19981121 00:00:00 |a crobeson | ||
| 260 | |a Reading |b Addison-Wesley Publishing Company |c 1982 | ||
| 650 | 0 | |a Inglés |9 260023 | |
| 650 | 0 | |a Enseñanza de idiomas |9 339820 | |
| 650 | 0 | |a Lingüística aplicada |9 313266 | |
| 650 | 0 | |a Educación lingüística |9 306506 | |
| 583 | |a last modification |c 19981121 00:00:00 |k Rodrigo Vera | ||
| 999 | |c 277306 |d 277304 | ||
| 952 | |0 0 |1 0 |4 0 |6 428_240700000000000_VEN_1982 |7 0 |8 A |9 315192 |a FDOPOS |b FDOPOS |d 2019-11-20 |i 1495011 |o 428.2407 VEN 1982 |p 1495011 |r 2025-01-22 |w 2019-11-20 |y BK |k MLA | ||